000 00414nam a2200169Ia 4500
003 STCL
008 181203s9999 xx 000 0 und d
020 _a9789382127000
040 _aSTCL
_bEN
_cSTCL
082 _222
100 _aAhluwalia, V.K.
245 0 _aGreen Chemistry: Environmentally Benign Reactions
260 _bAne Books
_aNew Delhi
_c2015
300 _a312
546 _aEnglish
942 _2ddc
_cBK
999 _c86762
_d86762